000 00538nam a2200193Ia 4500
003 OSt
005 20260223121630.0
008 250729s2007 xx 000 0 und d
040 _cAL
041 _akan
082 _a020.2 KARS
100 _aಕರ್ನಾಟಕ ಸರ್ಕಾರ
_9229490
245 _aಸಮಾಜ ವಿಜ್ನಾನ-ಹತ್ತನೇ ತರಗತಿ
260 _aಬೆಂಗಳೂರು
_c2007
300 _a207p
650 _aSociology
_9229491
700 _aRao Digumurthi
_9229492
942 _2ddc
_cBED
999 _c238349
_d238349